| 000 | 00606nam a2200193Ia 4500 | ||
|---|---|---|---|
| 003 | IN-BaIIA | ||
| 008 | 211028s9999 xx 000 0 eng d | ||
| 020 | _a0-12-511905-4 | ||
| 040 | _cIIA Library | ||
| 080 |
_a519.682 _bMUR |
||
| 100 |
_aMurray, W. H. _922465 |
||
| 245 | 0 |
_aVisual basic 5 training guide _cW. H. Murray and C. H. Pappas |
|
| 260 |
_aBoston _bAP Professional _c1997 |
||
| 300 | _axiv, 525p. | ||
| 650 | _aComputer programming | ||
| 650 |
_aVisual Basic, Programming language _922466 |
||
| 700 |
_aPappas, C. H. _922467 |
||
| 942 | _cBK | ||
| 999 |
_c12812 _d12812 |
||